000 00662cam a22002051 4500
001 000018919
005 20200929165901.0
008 741011s1968 cr 000 p spa
040 _aDO-SdBNP
_cOAU
_dDLC
_dBNPHU
082 _aCR861.44
_bD633p
100 1 _aDobles Yzaguirre, Julieta,
_d1943-
_940723
245 1 3 _aEl peso vivo /
_cJulieta Dobles Yzaguirre.
260 _aSan Jose, Costa Rica :
_bEditorial Costa Rica,
_c1968.
300 _a62 p. ;
_c21 cm.
490 1 _aColeccion de poesia
650 4 _aPoesía costarricense
_95301
650 4 _aLiteratura costarricense
_93332
830 0 _aColeccion de poesia
_95302
910 _aCatalogación derivada / LC
999 _c18437
_d18437